F1 drivers 2020-2026 countries - Statistics

General Stats
  • This quiz has been taken 121 times
  • The average score is 19 of 21
Answers on the Map
Answers color-coded by a green-red scale on the quiz's map according to % correct below.
 
Answer Stats
Answer Drivers % Correct
Netherlands Max Verstappen, Nyck de Vries
97%
Spain Fernando Alonso, Carlos Sainz
97%
France Pierre Gasly, Esteban Ocon, Romain Grosjean, Isack Hadjar
96%
Germany Sebastian Vettel, Nico Hülkenberg, Mick Schumacher
96%
United Kingdom Lewis Hamilton, George Russell, Lando Norris, Jack Aitken, Oliver Bearman, Arvid Lindblad
96%
Australia Daniel Ricciardo, Oscar Piastri, Jack Doohan
94%
Canada Lance Stroll, Nicholas Latifi
94%
Italy Antonio Giovinazzi, Kimi Antonelli
94%
China Zhou Guanyu
93%
Japan Yuki Tsunoda
93%
Mexico Sergio Perez
93%
United States Logan Sargeant
93%
Brazil Pietro Fittipaldi, Gabriel Bortoleto
91%
Finland Kimi Räikkönen, Valtteri Bottas
89%
Monaco Charles Leclerc
86%
New Zealand Liam Lawson
84%
Russia Daniil Kvyat, Nikita Mazepin
84%
Argentina Franco Colapinto
83%
Denmark Kevin Magnussen
83%
Thailand Alexander Albon
82%
Poland Robert Kubica
73%
No matching quizzes found
Score Distribution
Percent of People with Each Score
Percentile by Number Answered
Your Score History
You have not taken this quiz